01446pab a2200193 454500008004000000100001500040245007800055260000900133300001300142362001200155520082600167650005300993650004001046650001801086773001301104909001101117999001901128952010501147180718b2017 xxu||||| |||| 00| 0 eng d aSen, Payel aMeeting the challenge of urban poverty: the KUSP intiative in West Bengal c2017 ap.60-80. aJul-Sep aIn recognition of the growing magnitude and scale of urban poverty and the consequent need for focused policy intervention to address the gaps, the article empirically enquires into the efficacy of slum level infrastructural development as one of the crucial initiatives undertaken under the aegis of the Kolkata Urban Services for the Poor (KUSP) programme in West Bengal thereby examining its impact on urban poverty reduction. Keeping in mind the 'participatory' focus of the KUSP initiative, the article sheds light on the role performance of the community-based organisations in the slum areas which have been especially designed to ensure stakeholders' participation in the whole exercise. The results have significant implications for public administrators, development scholars and poverty analysts. - Reproduced. aInfrastructure development - India - West Bengal aUrban poverty - India - West Bengal aUrban poverty aNagarlok a117031 c117025d117025 00104070aIIPAbIIPAd2018-07-19hVolume no: 49, Issue no: 3pAR117491r2018-07-19w2018-07-19yAR